000 00989nam a2200301 i 4500
003 EG-GICUC
005 20260223112220.0
008 260223s1917 -uK ||fr|||| 000 0 eng d
040 _aEG-GiCUC
_beng
_cEG-GiCUC
_dEG-GiCUC
_erda
041 0 _aeng
082 0 4 _221
_a341.71042
_bGO . C
092 0 4 _221
099 _aLaw1 11 341.71042 GO . C 1917
100 1 _aGooch, G. P
_eAuthor.
245 1 2 _aA Century Of British Foreign Policy/
_cBy G. P. Gooch, M.a, And The Rev. Canon J. H. B. Masterman.
264 1 _aLondon :
_bGeorge Allen & Unwin,
_c1917.
300 _a109 pages,
_c21 cm.
336 _2rda content
_atext
337 _2rda media
_aComputer
338 _2rda carrier
_aOnline Resource
504 _aIncludes bibliographical references
546 _aText in English
650 1 4 _aPublic international law
700 1 _aMasterman, J. H. B
_ejoint author.
856 4 0 _uhttps://fll.law.cu.edu.eg/fulltext/bks/B11-08412.pdf
905 _a48
942 _2ddc
_cBK
_e21
_n0
999 _c64049
_d64049